El patrimonio mundial cultural y natural : 25 años de aplicación de la convención de la UNESCO /

Estudio sobre la Convención de la UNESCO de 1972, relativa a la protección del patrimonio mundial cultural y natural, y su aplicación desde la perspectiva del Comité del Patrimonio Mundial y también desde la perspectiva de un Estado parte del Comité, como es México, poseedor además de un patrimonio...

ver descrição completa

Na minha lista:
Detalhes bibliográficos
Autor principal: Díaz-Berrio Fernández, Salvador (autor)
Formato: Livro
Idioma:espanhol
Publicado em: México : Universidad Autónoma Metropolitana Xochimilco, 2001, c2001
Assuntos:
Tags: Adicionar Tag
Sem tags, seja o primeiro a adicionar uma tag!

MARC

LEADER 00000nam^a2200000^a^4500
001 000145325
005 20250521000000.0
009 20260310095832.445
020 |a 970-654-883-1 
037 |a Acervo ITESO - Biblioteca 
041 |a ESP 
082 |a 719. 32  |b DIA 
100 |a Díaz-Berrio Fernández, Salvador  |e (autor) 
245 1 3 |a El patrimonio mundial cultural y natural :  |b 25 años de aplicación de la convención de la UNESCO /  |c S. Díaz-Berrio Fernández. 
264 4 |a México :  |b Universidad Autónoma Metropolitana Xochimilco,  |c 2001, c2001 
300 |a 223 p. 
336 |a texto  |b txt  |2 rdacontenido 
337 |a sin mediación  |b n  |2 rdamedio 
338 |a volumen  |b nc  |2 rdasoporte 
520 |a Estudio sobre la Convención de la UNESCO de 1972, relativa a la protección del patrimonio mundial cultural y natural, y su aplicación desde la perspectiva del Comité del Patrimonio Mundial y también desde la perspectiva de un Estado parte del Comité, como es México, poseedor además de un patrimonio importante. 
610 |a UNESCO 
649 |a XX 
650 |a Patrimonio de la Humanidad 
650 |a Patrimonio Histórico 
650 |a Patrimonio Artístico 
650 |a Reservas Ecológicas 
650 |a Valoración Patrimonial e Histórica 
650 |a Restauración y Conservación de Arte 
650 |a Conservación y Protección Ambiental 
650 |a Tratados Internacionales 
650 |a Cooperación Internacional 
650 |a Organizaciones Internacionales 
650 |a Política Educativa 
650 |a Política Cultural 
650 |a Política Internacional 
650 |a Cultura -  |x Difusión 
650 |a Arte y Sociedad 
910 |a Fondo General 
920 |a Impresos - Libros 
930 |a Colección General 
905 |a 101 
901 |a 0500074446  |b IT1  |c ACC  |u 20250521 
901 |a 0500092798  |b IT1  |c ACC  |u 20250521 
902 |a https://opac.biblio.iteso.mx/vufind/Record/000145325